Entre naranjos

Enregistré dans:
Détails bibliographiques
Auteur principal: Blasco Ibañez, Vicente
Format: Livre
Langue:Undetermined
Publié: Buenos Aires, Argentina Schapire 1942
Sujets:
Tags: Ajouter un tag
Pas de tags, Soyez le premier à ajouter un tag!

MARC

LEADER 00000nam a2200000Ia 4500
008 170316s9999 xx 000 0 und d
040 |a cru BVZT 
090 |a 862 B-17e 
100 |a Blasco Ibañez, Vicente 
245 |a Entre naranjos 
260 |a Buenos Aires, Argentina 
260 |b Schapire 
260 |c 1942 
300 |a 232 páginas 
650 |a LITERATURA ESPAÑOLA 
650 |a NOVELA 
999 |c 9522  |d 9522 
942 |c 15 D  |h 862 B-17e  |2 z